00862nam a2200205Ia 4500003000900000008004100009020001800050040001600068080002600084111008400110245023500194260003400429300001400463490003700477650002400514700002000538700002500558700002300583710005000606IN-BaIIA211028s9999 xx 000 0 eng d a3-540-63477-0 cIIA Library a524.3-852(082.2)bSTE aLectures Stellar Atmospheres-Theory and ObservationscBelgiumd1996 Sept. 10-19 0aStellar atmospheres-theory and observationsbLectures held at the Astrophysics School IX, Brussels, Belgium, 10-19 September 1996cedited by J. P. De Greve, R. Blomme and H. Hensberge  aBerlinbSpringer-Verlagc1997 axi, 352p. aLecture notes in physics; v. 497 aStellar atmospheres aBlomme, R., ed. aDe Greve, J. P., ed. aHensberge, H., ed. aEuropean Astrophysics Doctoral Network (EADN)